The white dragon /
Tallennettuna:
| Päätekijä: | |
|---|---|
| Aineistotyyppi: | Sách giấy |
| Kieli: | English |
| Julkaistu: |
N.Y. :
Vanguard Press,
[1963].
|
| Aiheet: | |
| Tagit: |
Lisää tagi
Ei tageja, Lisää ensimmäinen tagi!
|
| Thư viện lưu trữ: | Thư viện Trường Đại học Đà Lạt |
|---|
| LEADER | 00675nam a2200301 4500 | ||
|---|---|---|---|
| 001 | DLU110120875 | ||
| 005 | ##20110509 | ||
| 040 | # | # | |a DLU |b vie |
| 041 | # | # | |a eng |
| 044 | # | # | |a vn |
| 082 | # | # | |a 823 |b GA-R |
| 100 | # | # | |a Garnett, Richard. |
| 245 | # | # | |a The white dragon / |c Richard Garnett. |
| 260 | # | # | |a N.Y. : |b Vanguard Press, |c [1963]. |
| 300 | # | # | |a 166 p. ; |c 21 cm. |
| 653 | # | # | |a English fiction |
| 653 | # | # | |a English literature |
| 923 | # | # | |a 01/2011NN |
| 991 | # | # | |a SH |
| 992 | # | # | |a 0 |
| 994 | # | # | |a KNN |
| 900 | # | # | |a True |
| 911 | # | # | |a Nguyễn Thanh Hương |
| 925 | # | # | |a G |
| 926 | # | # | |a A |
| 927 | # | # | |a SH |
| 980 | # | # | |a Thư viện Trường Đại học Đà Lạt |